000 01840nam a22002417i 4500
001 IT\ICCU\PUV\0512039
003 ItRI
005 20260115232237.0
008 000211s1921 it |||||| ||||| |||||c
015 _2IT
_a1921 5181
024 7 0 _a349370
_2cubi
040 _bita
_cimportazione bologna sebina
041 7 _aita
_2ISO-639-2
100 1 _aMalchow, Charles William
_0IT\ICCU\PUVV\227499
_4aut
245 1 3 _aLa vita sessuale, l'impulso sessuale naturale, i costumi sessuali normali, la funzione generativa, la fisiologia e l'igiene sessuale :
_btrattato pei medici e per gli studenti /
_cdi C. W. Malchow ; traduzione italiana del dott. Alessandro Clerici.
260 _aMilano :
_bSocietà editrice libraria,
_c1921
300 _aXII, 320 p. ;
_c20 cm.
520 _aIl sesso è il fatto centrale della vita, e ogni moralismo o affettata modestia va lasciata da parte data l’urgente necessità di far luce su un argomento, che interessa grandemente, direttamente o indirettamente, ogni membro della società. Le situazioni creata da un esercizio improprio della funzione sessuale sono molte e complicate… Una grande responsabilità incombe al medico nel prevenire l’infelicità coniugale e le malattie nel matrimonio. Nella sua qualità di tutore della salute del suo cliente il medico dovrà anche dargli quelle informazioni e quei consigli che lo condurranno alla salute sessuale e alla felicità… Questa pubblicazione ha lo scopo di neutralizzare, per quanto è possibile, la deleteria influenza della letteratura corrente e di mettere in luce la verità scientifica in un campo che è stato finora mantenuto in una tenebra deplorevole.
650 7 _aSesso
700 1 _aClerici, Alessandro,
_d (1865-1931)
_0IT\ICCU\TO0V\168224
790 0 _aRy
_3IT\ICCU\RAVV\579462
_zClerici, Alessandro (1865-1931)
942 _2ddc
_cBK
_n0
999 _c19437
_d19437